Cieľom koncentrácie je ekonomické spájanie podnikateľov z hľadiska získania rozhodujúceho vplyvu

Problematika koncentrácie. Charakteristika pojmu. Účastník koncentrácie. Oznamovateľ koncentrácie. Účastníci správneho konania o koncentrácii. Problémy koncentrácie sa viažu k zákonu o ochrane hospodárskej súťaže (č. 188/1994 Z.z.) a o poľnohospodárstve (č. 240/1998 Z.z.).

Gespeichert in:
Bibliographische Detailangaben
1. Verfasser: Szabó, Ladislav
Format: Buchkapitel
Sprache:Slowakisch
Schlagworte:
Tags: Tag hinzufügen
Keine Tags, Fügen Sie das erste Tag hinzu!

MARC

LEADER 00000naa a2200000 4500
001 r035185
005 20230921103855.6
041 0 |a slo 
044 |a SK 
245 1 0 |a Cieľom koncentrácie je ekonomické spájanie podnikateľov z hľadiska získania rozhodujúceho vplyvu  |c Ladislav Szabó 
520 |a Problematika koncentrácie. Charakteristika pojmu. Účastník koncentrácie. Oznamovateľ koncentrácie. Účastníci správneho konania o koncentrácii. Problémy koncentrácie sa viažu k zákonu o ochrane hospodárskej súťaže (č. 188/1994 Z.z.) a o poľnohospodárstve (č. 240/1998 Z.z.). 
610 2 0 |a koncentrácia 
610 2 0 |a podnikanie 
610 2 0 |a podnikatelia 
610 2 0 |a zákony 
610 2 0 |a Slovensko 
100 1 |a Szabó, Ladislav